| 000 | 01294nam a2200325 a 4500 | ||
|---|---|---|---|
| 001 | 000112476 | ||
| 003 | CHAP | ||
| 005 | 20220329144308.0 | ||
| 008 | 160418s2016 mx sm |||||||spa d | ||
| 010 | _a108937 | ||
| 011 | _a109909 | ||
| 040 | _cCHAP | ||
| 090 | _aTesis | ||
| 100 | 1 |
_aVelázquez Silva, Aidé _9130779 |
|
| 245 | 1 | 0 |
_aCaracterización morfológica, patogénica y molecular de colletotrichum spp. obtenidos de frutos de pimienta gorda (pimienta dioica L. Merrill.) en el Estado de Veracruz, México _h[En línea] _cpor Aidé Velázquez Silva. |
| 260 |
_aChapingo, Méx. : _bEl autor, _c2016. |
||
| 500 | _aPara ver el contenido del material haga clic en la liga | ||
| 502 | _aTesis (Ing. Forestal) -- UACH. División de Ciencias Forestales | ||
| 590 |
_aBATCH-UPD _b05 _c20160418 _lUCH01 _h1122 |
||
| 590 |
_aE5765TAJ _b05 _c20160418 _lUCH01 _h1121 |
||
| 590 |
_aE5765TAJ _b05 _c20160418 _lUCH01 _h1121 |
||
| 650 | 1 | 4 |
_aAntracnosis de la pimienta. _9130781 |
| 650 | 1 | 4 |
_aHongos fitopatógenos _xFisiología y morfología. _9126607 |
| 650 | 1 | 4 |
_aHongos _xIdentificación. _956105 |
| 650 | 1 | 4 |
_aPimienta dioica _xEnfermedades por hongos. _9130780 |
| 856 |
_aFinding aid _uhttp://10.13.5.2/tesis/sist112476.pdf _zTeclea aquí |
||
| 901 | _aBK | ||
| 942 | _cTESIS | ||
| 942 | _n0 | ||
| 999 |
_c108937 _d108937 |
||